[Event "Ch Brazil (1/2 final)"]
[Site "masterchessopen.com Brasilia (Brazil)"]
[Date "2011.10.30"]
[Round "4"]
[White "Mekhitarian Krikor Sevag (BRA)"]
[Black "Da Silva Carlos Alessandro A (BRA)"]
[Result "1-0"]
[WhiteElo "2488"]
[BlackElo "2262"]

1.d4 Nf6 2.c4 e6 3.Nc3 Bb4 4.Qc2 d5 5.cxd5 Qxd5 6.Nf3 Qf5 7.Qb3 c5 8.a3 Ba5
9.Qc4 Bxc3+ 10.Qxc3 Nbd7 11.g4 Qd5 12.dxc5 Qxc5 13.Qxc5 Nxc5 14.b4 Nb3 15.Rb1
Nxc1 16.Rxc1 h6 17.Ne5 O-O 18.Bg2 a5 19.b5 Nd7 20.Nc4 Rd8 21.O-O Kf8 22.Rfd1
Ke7 23.f4 a4 24.Rd4 Nf6 25.Rxd8 Kxd8 26.Ne5 Ra5 27.Nxf7+ Ke7 28.Rxc8 Kxf7
29.Rc7+ Kg6 30.g5 hxg5 31.fxg5 Ng4 32.Rxb7 Ne3 33.Bc6 Nc4 34.b6 Ra6 35.Be4+
Kxg5 36.Rxg7+ Kf4 37.Bd3 Rxb6 38.Bxc4 Rb1+ 39.Kf2 Ra1 40.Bxe6 Rxa3 41.Rg4+ Ke5
42.Bd7 {#r} 1-0

[Event "Cup Rilton"]
[Site "masterchessopen.com Stockholm (Sweden)"]
[Date "2012.01.04"]
[Round "8"]
[White "Akesson Ralf (SWE)"]
[Black "Aperia Jakob (SWE)"]
[Result "1-0"]
[WhiteElo "2420"]
[BlackElo "2059"]

1.d4 Nf6 2.c4 e6 3.Nc3 Bb4 4.Qc2 d5 5.cxd5 Qxd5 6.Nf3 Qf5 7.Qb3 Nc6 8.Bd2 O-O
9.h3 Bxc3 10.Bxc3 b6 11.e3 Bb7 12.Be2 Ne4 13.O-O Nxc3 14.Qxc3 Rac8 15.Rac1 Ne7
16.Qa3 Ng6 17.Qxa7 Qe4 18.Qa3 Ra8 19.Qb3 Nf4 20.Bd1 Bd5 21.Qc3 Nd3 22.Bc2 Nxc1
23.Rxc1 {#r} 1-0

[Event "Extraliga 2011/12"]
[Site "masterchessopen.com Czech Republic"]
[Date "2012.04.22"]
[Round "11"]
[White "Bernasek Jan (CZE)"]
[Black "Zpevak Pavel (CZE)"]
[Result "1-0"]
[WhiteElo "2464"]
[BlackElo "2392"]

1.d4 Nf6 2.c4 e6 3.Nc3 Bb4 4.Qc2 d5 5.cxd5 Qxd5 6.Nf3 Qf5 7.Qb3 Ba5 8.Bd2 O-O
9.h3 Bxc3 10.Bxc3 b6 11.g3 Bb7 12.Bg2 Bd5 13.Qa4 h6 14.O-O Nbd7 15.Rfe1 Rfd8
16.Bb4 c5 17.dxc5 bxc5 18.Bc3 Ne4 19.Rac1 Nb6 20.Qc2 a5 21.g4 Qh7 22.Be5 Rac8
23.Red1 h5 24.Nh2 hxg4 25.hxg4 f6 26.Bf4 Ng5 27.Qxh7+ Kxh7 28.e4 Nxe4 29.Bxe4+
Bxe4 30.Rxd8 Rxd8 31.Bc7 Rd2 32.Bxb6 Rxb2 33.Bxa5 Rxa2 34.Be1 Rc2 35.Rxc2 Bxc2
36.Kg2 g5 37.Kf3 Kg6 38.Bc3 Bb3 39.Ke3 Bd5 40.Nf3 Bb7 41.Nd2 f5 42.Nb3 c4
43.Nd2 Bd5 44.f3 Kf7 45.Kd4 Kf6 46.Nxc4 fxg4 47.fxg4 Bb7 48.Ke3+ Ke7 {#r} 1-0

[Event "Tournament \"]
[Site "masterchessopen.com Arak (Iran)"]
[Date "2012.07.14"]
[Round "2"]
[White "Ghaemmaghami Pegah"]
[Black "Afshar Niusha (IRI)"]
[Result "0-1"]
[WhiteElo "1621"]
[BlackElo "1931"]

1.d4 Nf6 2.c4 e6 3.Nc3 Bb4 4.Qc2 d5 5.cxd5 Nxd5 6.e4 Nxc3 7.bxc3 Be7 8.Nf3 c5
9.Bb5+ Bd7 10.Bxd7+ Nxd7 11.O-O O-O 12.Bf4 Qa5 13.Rfd1 cxd4 14.cxd4 Rac8
15.Qd2 Nb6 16.Rac1 Ba3 17.Rc7 Rxc7 18.Bxc7 Rc8 19.Bxb6 Qxb6 20.Ne5 Qc7 21.Qe3
Bd6 22.f4 Qc2 23.Qb3 Qxe4 24.d5 Rc2 25.Qf3 Bc5+ 26.Kh1 Qxf3 27.gxf3 f6 28.dxe6
Be7 29.Nf7 Rc7 30.f5 g6 31.fxg6 hxg6 32.Rg1 Kg7 33.f4 Bc5 34.Rg3 Bf2 35.Rf3
Bh4 36.Rd3 Re7 37.Rd7 f5 {#R} 0-1

[Event "It \"]
[Site "masterchessopen.com Helsingor (Denmark)"]
[Date "2012.08.04"]
[Round "9"]
[White "Schmied Andreas (GER)"]
[Black "Jorgensen Dennis (DEN)"]
[Result "0-1"]
[WhiteElo "2067"]
[BlackElo "2231"]

1.d4 Nf6 2.c4 e6 3.Nc3 Bb4 4.Qc2 d5 5.cxd5 Qxd5 6.Nf3 Qf5 7.Qxf5 exf5 8.a3 Be7
9.Bf4 c6 10.e3 Nbd7 11.Bc4 Nb6 12.Ba2 Nfd5 13.Ne2 Be6 14.Ne5 Rd8 15.O-O O-O
16.Rfc1 Bd6 17.Bg3 Rfe8 18.Nd3 Bxg3 19.Nxg3 g6 20.Rf1 Kf8 21.Ne2 Re7 22.Nc5
Bc8 23.Bb3 Rde8 24.Rfe1 Nf6 25.Nc3 Rd8 26.Rad1 Nbd5 27.Nxd5 Nxd5 28.Bc4 h5
29.h4 Nf6 30.Be2 Ne8 31.Nd3 Nd6 32.Ne5 Be6 33.Rc1 Kg7 34.Nc4 Ne4 35.Red1 Bd5
36.Nd2 Nd6 37.Nc4 f4 38.Re1 Nf5 39.Bd3 Nxh4 40.e4 Bxc4 41.Rxc4 Red7 42.d5 cxd5
43.exd5 Rxd5 44.Be4 Rb5 45.b4 Rd7 46.a4 Re5 47.Rec1 g5 {#R} 0-1

[Event "Olympiad (w)"]
[Site "masterchessopen.com Istanbul (Turkey)"]
[Date "2012.08.28"]
[Round "1"]
[White "Chung Mathilde (MNC)"]
[Black "Kopinits Anna-Christina (AUT)"]
[Result "0-1"]
[WhiteElo "1707"]
[BlackElo "2234"]

1.d4 Nf6 2.c4 e6 3.Nc3 Bb4 4.Qc2 d5 5.cxd5 Qxd5 6.Nf3 O-O 7.e3 c5 8.Bd2 Bxc3
9.Bxc3 Nc6 10.dxc5 Qxc5 11.Bd3 Nb4 12.Qd2 Nfd5 13.Bd4 Nxd3+ 14.Qxd3 Nb4 15.Qd2
Nc2+ 16.Kd1 Nxd4 17.Qxd4 Qa5 18.Qe5 Rd8+ 19.Kc2 Rd5 20.Qe4 Bd7 21.Rhc1 Rc8+
22.Kb1 Rxc1+ 23.Kxc1 Qc7+ {#R} 0-1

[Event "Olympiad"]
[Site "masterchessopen.com Istanbul (Turkey)"]
[Date "2012.09.06"]
[Round "9"]
[White "Shengelia Davit (AUT)"]
[Black "Hracek Zbynek (CZE)"]
[Result "0-1"]
[WhiteElo "2545"]
[BlackElo "2624"]

1.d4 Nf6 2.c4 e6 3.Nc3 Bb4 4.Qc2 d5 5.cxd5 Qxd5 6.e3 c5 7.Bd2 Bxc3 8.bxc3 O-O
9.Nf3 b6 10.Qb3 Qd6 11.Bc1 Nbd7 12.Be2 Bb7 13.Ba3 Rfc8 14.O-O Ng4 15.Rfd1 Bxf3
16.Bxf3 Qxh2+ 17.Kf1 Ndf6 18.Ke2 Qh4 19.g3 Qh2 20.Rf1 Nh5 21.Bxg4 Nxg3+ 22.Kd2
cxd4 23.cxd4 Ne4+ 24.Kd3 Nxf2+ 25.Rxf2 Qxf2 26.Be2 Rc6 27.Rc1 Rxc1 28.Bxc1 Rc8
29.Bd2 e5 30.Qd5 Qf5+ 31.Qe4 Qe6 32.d5 Rd8 33.Bf3 f5 34.Qd4 e4+ 35.Kc2 Rxd5
{#R} 0-1